Historias de Cacaopera (Registro nro. 4290)
[ vista simple ]
| 000 -CABECERA | |
|---|---|
| Longitud fija campo de control | 00607nam a2200205 a 4500 |
| 001 - NÚMERO DE CONTROL | |
| Número de control | 982042 |
| 003 - IDENTIFICADOR DELl NÚMERO DE CONTROL | |
| Identificador del número de control | OSt |
| 005 - FECHA Y HORA DE LA ÚLTIMA TRANSACCIÓN | |
| Fecha y hora de la última transacción | 20140721103911.0 |
| 008 - CÓDIGOS DE INFORMACIÓN DE LONGITUD FIJA | |
| Códigos de información de longitud fija | 880830s1985 es a f000 0 spa |
| 040 ## - FUENTE DE LA CATALOGACIÓN | |
| Centro catalogador de origen | DLC |
| Centro transcriptor | BMC |
| 082 ## - NÚMERO DE LA CLASIFICACIÓN DECIMAL DEWEY | |
| Númeroo de clasificación | 972.8433 |
| 100 1# - PUNTO DE ACCESO PRINCIPAL-NOMBRE DE PERSONA | |
| Nombre de persona | Amaya Amaya, Miguel Angel |
| 9 (RLIN) | 9405 |
| 245 10 - MENCIÓN DE TÍTULO | |
| Título | Historias de Cacaopera |
| Mención de responsabilidad, etc. | Miguel Angel Amaya Amaya |
| 250 ## - MENCIÓN DE EDICIÓN | |
| Mención de edición | 1ª ed |
| 260 ## - PUBLICACIÓN, DISTRIBUCIÓN, ETC. (PIE DE IMPRENTA) | |
| Lugar de publicación, distribución, etc. | San Salvador |
| Nombre del editor, distribuidor, etc. | Ministerio de Educación, Dirección de Publicaciones |
| Fecha de publicación, distribución, etc. | 1985 |
| 300 ## - DESCRIPCIÓN FÍSICA | |
| Extensión | 205 p. |
| Otras características físicas | il. |
| Dimensiones | 24 cm |
| 651 #4 - PUNTO DE ACCESO ADICIONAL DE MATERIA - NOMBRE GEOGRÁFICO | |
| 9 (RLIN) | 9591 |
| Nombre geográfico | Cacaopera (El Salvador) |
| Subdivisión de materia general | Descripción |
| 740 0# - PUNTO DE ACCESO ADICIONAL - TÍTULO RELACIONADO O ANALÍTICO NO CONTROLADO | |
| Título relacionado o analítico no controlado | Historia de Cacaopera. |
| 942 ## - ENTRADA DE ELEMENTOS AGREGADOS (KOHA) | |
| Fuente de clasificaión o esquema | Dewey Decimal Classification |
| Koha [por defecto] tipo de item | 1- Monografias |
| Suprimido | Perdido | Fuente de clasificación o esquema | Estropeado | Restricciones de uso | No para préstamo | Código de colección | Localización permanente | Localización actual | Localización en estanter&íacute;as | Fecha adquisición | Fuente de adquisición | Número de inventario | Préstamos totales | Renovaciones totales | Signatura completa | Código de barras | Fecha última consulta | Fecha último préstamo | Coste, precio reemplazado | Fecha del precio de reemplazo | Tipo de item de Koha |
|---|---|---|---|---|---|---|---|---|---|---|---|---|---|---|---|---|---|---|---|---|---|
| NULL | NULL | Dewey Decimal Classification | NULL | Prestable | NULL | NULL | Biblioteca Miguel de Cervantes - UNICAES | Biblioteca Miguel de Cervantes - UNICAES | Sala Principal | 19/11/2013 | Donación - DPI | 007408 | 3 | 2 | 972.8433 AMA his | 1007408 | 10/08/2019 | 08/08/2019 | 27.15 | 19/11/2013 | 1- Monografias |
| NULL | NULL | Dewey Decimal Classification | NULL | Prestable | NULL | NULL | Biblioteca Miguel de Cervantes - UNICAES | Biblioteca Miguel de Cervantes - UNICAES | Sala Principal | 15/06/2015 | Donación - Romeo Tovar Astorga | 029986 | 2 | 972.8433 AMA his | 1031895 | 27/07/2019 | 25/07/2019 | 27.15 | 15/06/2015 | 1- Monografias |